000 00478nam a2200193 a 4500
001 25106
003 CO-ViMGA
008 141112s2004 ck r 000 u spa d
020 _a9788449441608
040 _aCO-ViMGA
_bspa
_cCO-ViMGA
090 _aRUEp
100 1 _aRueda, Claudia
_938246
245 1 0 _aPUM /
_cClaudia Rueda
260 _aEspaƱa :
_bOceano,
_c2010
300 _a[25] p.
490 _aOceano Travesia
650 1 4 _aCuentos infantiles
_92743
942 _2ddc
_cBK
999 _c32737
_d32737